000 00213nam a22000857a 4500
008 170215b xxu||||| |||| 00| 0 eng d
100 _92874
_aCBSE
245 _aEnvironmental Education-9
260 _aNew Delhi
_bCBSE
_c2006
999 _c6098
_d6098